|
|
|
|
| LEADER |
00000cam a2200000 a 4500 |
| 001 |
vtls011739012 |
| 003 |
SK-MaSNL |
| 005 |
20260301223159.0 |
| 008 |
240318s2017 xo a g 000 pdslo |
| 015 |
|
|
|a SNBA2018/03
|
| 020 |
|
|
|a 9788097279400
|q (brož.)
|
| 035 |
|
|
|a urn:nbn:sk:snk-am00d258
|
| 035 |
|
|
|a urn:nbn:sk:snk-am3hj4g
|
| 035 |
|
|
|a EF224229-A60E-4F15-B15A-FF20DB3ABB17
|
| 040 |
|
|
|a SNK
|b slo
|c SNK
|e AACR2
|
| 041 |
0 |
|
|a slo
|
| 044 |
|
|
|a xo
|c SK
|
| 072 |
|
7 |
|a 821.162.4-1
|x Slovenská poézia
|2 konspekt
|
| 080 |
|
|
|a 821.162.4-1
|2 2011
|
| 100 |
1 |
|
|a Samsonová-Kosmanová, Yvetta,
|d 1958-
|4 aut
|9 245448
|
| 245 |
1 |
0 |
|a Srdce máva sólo
|b 7 básní z roku 1974
|c Yvetta Samsonová Kosmanová ; pripravil, upravil a vyzdobil Igor Strinka
|
| 260 |
|
|
|a Kuchyňa
|b Igor Strinka
|c 2017
|
| 300 |
|
|
|a 18 s.
|b fareb. ilustr.
|c 21 cm
|
| 500 |
|
|
|a Obsahuje biografické údaje
|
| 655 |
|
7 |
|a slovenská poézia
|2 SNKPH
|9 70444
|
| 655 |
|
7 |
|a Slovak poetry
|2 SNKPHeng
|9 265010
|
| 700 |
1 |
|
|a Strinka, Igor,
|d 1963-
|4 ill
|9 240715
|
| 852 |
|
|
|a Slovenská národná knižnica
|
| 919 |
|
|
|a 978-80-972794-0-0
|
| 954 |
|
|
|a beletria pôvodná (slovenská)
|2 lita
|
| 958 |
|
|
|a LX
|
| 999 |
|
|
|c 942467
|d 944397
|
| 952 |
|
|
|a SNK
|b SNK
|y PREZ
|7 0
|p 17A1308335
|o snkSC 177841
|i snk2018/2389
|8 0
|0 0
|1 0
|4 0
|d 2018-01-26
|f 1
|l 0
|r 2025-09-19 00:00:00
|w 2026-02-24
|
| 952 |
|
|
|a SNK
|b SNK
|y VYP
|7 0
|p 17A1308336
|o snkSC 177841 D1
|i snk2018/2390
|8 0
|0 0
|1 0
|4 0
|d 2018-01-26
|l 0
|r 2026-02-24 09:23:31
|w 2026-02-24
|